| 000 | 00664nam a22001937a 4500 | ||
|---|---|---|---|
| 005 | 20150107105206.0 | ||
| 010 | _aENG-111512 | ||
| 020 |
_a9788174878748 _c875.00 |
||
| 035 | _aEN-95044 | ||
| 037 | _bDBAD/PUB | ||
| 082 | _a378.54 | ||
| 245 |
_aPerspectives and reflections of India's nation-building : _cedited by Rajendra prasad _bin honour of professer Gautam Sen / |
||
| 260 |
_aNew Delhi _bRadha Publications _c2014 |
||
| 270 |
_a4231/1,Ansari Road,Daryaganj _b New Delhi _e110002 |
||
| 300 |
_axi,362p. : _bill. _c22cm(pbk) |
||
| 500 | _aIncludes bibliographical references | ||
| 700 | _aRajendra Prasad | ||
| 942 |
_2ddc _cEN _mPER _h378.54 |
||
| 999 |
_c90541 _d90541 |
||